Statystyki dla Miasta w Holandi powyżej 100 tys. mieszkańców

Kliknij tutaj aby rozwiązać quiz!

Ogólne statystyki

  • Ten quiz został rozwiązany 12 razy
    (3 od ostatniego zresetowania)
  • Średni wynik to 8 z 28

Statystyki odpowiedzi

HintOdpowiedź% Poprawnych
882 633Amsterdam
100%
562 954Haga
100%
644 527Rotterdam
100%
111 789Alkmaar
67%
181 887Breda
67%
225 421Eindhoven
67%
183 147Groningen
67%
159 556Nijmegen
67%
207 512Almere
33%
164 668Enschede
33%
127 161Leeuwarden
33%
311 171Utrecht
33%
146 533Amersfoort
0%
151 341Apeldoorn
0%
150 305Arnhem
0%
106 081Delft
0%
102 712Deventer
0%
113 381Dordrecht
0%
113 652Emmen
0%
153 901Haarlem
0%
121 189Lejda
0%
125 472Maastricht
0%
144 014's-Hertogenbosch
0%
209 542Tilburg
0%
102 136Venlo
0%
148 334Zaanstad
0%
123 100Zoetermeer
0%
132 433Zwolle
0%

Rozkład punktacji

Percentyl według liczby udzielonych odpowiedzi

Procent ludzi z każdym wynikiem

Twoja historia wyników

Nie rozwiązałeś tego quizu od ostatniego zresetowania